Mario Kart Tracks by The Last Turn - Statistics

General Stats
  • This quiz has been taken 17 times
  • The average score is 7 of 8
Answer Stats
Picture Answer % Correct
Ghost Valley 2
100%
Bowser Castle 3
87%
Choco Mountain
87%
Dino Dino Jungle
87%
DK Pass
87%
Mushroom Gorge
87%
Lakeside Park
73%
Shy Guy Bazaar
73%
No matching quizzes found
Score Distribution
Percent of People with Each Score
Percentile by Number Answered
Your Score History
You have not taken this quiz